LDR 01169naa#a2200241#i#450# 001 RU\\bibl\119824 005 20260604005758.4 011 ## _a2076-0655 100 ## _a20260605b2026####ek#y0rusy0150####ca 101 0# _aRUS 102 ## _aRU 200 1# _aВЛИЯНИЕ РАЗЛИЧНЫХ ВЯЖУЩИХ И ДОБАВОК НА ПОЛУЧЕНИЕ И СВОЙСТВА НЕАВTОКЛАВНОГО ПЕНОБЕTОНА _eЖурнальная статья 210 1# _aМосква _cИндивидуальный Предприниматель Самченко Светлана Васильевна _d2026 215 ## _a11 с. 608 ## _aЖурнальная статья _2local 675 ## _aПрочие цементы и смеси цементов. 666.949 _zRUS 686 ## _aСтроительные материалы и изделия. 67.09 _2grnti 700 #1 _aСавенков _gАндрей Иванович 700 #1 _aФедюк _gРоман Сергеевич 700 #1 _aЛымарев _gВиталий Николаевич 700 #1 _aАнваров _gАскар Рамилевич 700 #1 _aНедосеко _gИгорь Вадимович 856 4# _atsilicates.ru _u